Le nouveau sans frontieres 1. Le livre du professeur : methode de francais (Registro nro. 209170)

Detalles MARC
001 - NÚMERO DE CONTROL
campo de control 673605
005 - FECHA Y HORA DE LA ÚLTIMA TRANSACCIÓN
campo de control 20260506091539.0
008 - DATOS DE LONGITUD FIJA--INFORMACIÓN GENERAL
campo de control de longitud fija 010712nuuuuuuuu fre
020 ## - NÚMERO INTERNACIONAL ESTÁNDAR DEL LIBRO
Número Internacional Estándar del Libro 2190334568
035 ## - NÚMERO DE CONTROL DEL SISTEMA
Número de control de sistema 673605
035 ## - NÚMERO DE CONTROL DEL SISTEMA
Número de control de sistema (OCoLC)634815576
040 ## - FUENTE DE LA CATALOGACIÓN
Centro/agencia transcriptor comduadb
041 ## - CÓDIGO DE LENGUA
Código de lengua del texto/banda sonora o título independiente fre
082 #4 - NÚMERO DE LA CLASIFICACIÓN DECIMAL DEWEY
Número de clasificación 372
100 10 - ENTRADA PRINCIPAL--NOMBRE DE PERSONA
Nombre de persona Girardet, Jacky
Código de función aut
Término indicativo de función/relación Autor/a
9 (RLIN) 308952
245 10 - MENCIÓN DE TÍTULO
Título Le nouveau sans frontieres 1. Le livre du professeur : methode de francais
260 ## - PUBLICACIÓN, DISTRIBUCIÓN, ETC.
Lugar de publicación, distribución, etc. France :
Nombre del editor, distribuidor, etc. Cle International,
Fecha de publicación, distribución, etc. 1988.
300 ## - DESCRIPCIÓN FÍSICA
Extensión 160 páginas
650 ## - PUNTO DE ACCESO ADICIONAL DE MATERIA--TÉRMINO DE MATERIA
Término de materia o nombre geográfico como elemento de entrada Enseignement de la langue francaise
9 (RLIN) 77369
650 #7 - PUNTO DE ACCESO ADICIONAL DE MATERIA--TÉRMINO DE MATERIA
Término de materia o nombre geográfico como elemento de entrada Francés
Subdivisión general Enseñanza
Fuente del encabezamiento o término lemb
9 (RLIN) 5770
942 ## - ELEMENTOS DE ENTRADA AGREGADA (KOHA)
Tipo de ítem Koha Libros
Existencias
Estado de retiro Estado de pérdida Estado dañado No para préstamo Código de colección Localización permanente Ubicación/localización actual Fecha de adquisición Número de inventario Total de préstamos Signatura topográfica completa Código de barras Fecha visto por última vez Número de copia Precio válido a partir de Tipo de ítem Koha
        Colección General Biblioteca de Idiomas (BL. 12-127) Biblioteca de Idiomas (BL. 12-127) 12/07/2001 C688813   372.6544 F/N934p v1 e2 61000003659642 23/04/2023 1 23/04/2023 Libros